|
|
|
|
| LEADER |
00812nam a2200265 4500 |
| 001 |
DLU140158683 |
| 005 |
##20140106 |
| 040 |
# |
# |
|a DLU
|b vie
|
| 041 |
# |
# |
|a vie
|
| 044 |
# |
# |
|a vn
|
| 100 |
# |
# |
|a Tống Hưng Tâm,
|c ThS.
|
| 245 |
# |
# |
|a Một số thủ thuật giảng dạy từ vựng tiếng Anh /
|c Tống Hưng Tâm.
|
| 653 |
# |
# |
|a Phương pháp giảng dạy tiếng Anh
|
| 653 |
# |
# |
|a Phương pháp trực quan
|
| 653 |
# |
# |
|a Từ vựng tiếng Anh
|
| 773 |
# |
# |
|t Tạp chí Giáo dục
|g Số 265(1), 2011, tr. 46-47
|
| 920 |
# |
# |
|a Phòng Tạp chí -- Trung tâm Thông tin - Thư viện Trường Đại học Đà Lạt
|
| 994 |
# |
# |
|a DLU
|
| 900 |
# |
# |
|a True
|
| 911 |
# |
# |
|a Nguyễn Thị Linh Chi
|
| 925 |
# |
# |
|a G
|
| 926 |
# |
# |
|a A
|
| 927 |
# |
# |
|a BB
|
| 980 |
# |
# |
|a Thư viện Trường Đại học Đà Lạt
|